000
00249nam a22000977a 4500
999
_c
11729
_d
11729
008
200113b ||||| |||| 00| 0 eng d
020
_a
0439449065
100
_a
Young James
_9
7418
245
_a
Puppies in the Snow
260
_a
New York
_b
Scholastic
_c
2003